书目信息 |
| 题名: |
基于组合模式的语法检查:短语结构语法与依存语法之结合
|
|
| 作者: | 贺俊杰 著 | |
| 分册: | ||
| 出版信息: | 北京 科学出版社 2011.11 |
|
| 页数: | 270页 | |
| 开本: | 21cm | |
| 丛书名: | ||
| 单 册: | ||
| 中图分类: | H087 | |
| 科图分类: | ||
| 主题词: | 计算语言学--研究--英文 , 计算语言学 | |
| 电子资源: | ||
| ISBN: | 978-7-03-032704-8 | |
| 000 | 00915nam0 2200229 450 | |
| 001 | 5574 | |
| 005 | 20181016131658.91 | |
| 010 | @a978-7-03-032704-8@b精装@dCNY45.00 | |
| 100 | @a20120219d2011 em y0chiy50 ea | |
| 101 | 0 | @aeng@gchi |
| 102 | @aCN@b110000 | |
| 105 | @ay z 000yy | |
| 200 | 1 | @a基于组合模式的语法检查:短语结构语法与依存语法之结合@9ji yu zu he mo shi de yu fa jian cha : duan yu jie gou yu fa yu yi cun yu fa zhi jie he@dGrammar checking in a combined model: phrase structure and dependency grammars reconciled@f贺俊杰著@zeng |
| 210 | @a北京@c科学出版社@d2011.11 | |
| 215 | @a270页@d21cm | |
| 510 | 1 | @aGrammar checking in a combined model: phrase structure and dependency grammars reconciled@zeng |
| 606 | 0 | @a计算语言学@x研究@j英文 |
| 606 | 0 | @a计算语言学 |
| 690 | @aH087@v4 | |
| 701 | 0 | @a贺俊杰@9he jun jie@c(副教授)@4著 |
| 801 | 0 | @aCN@b91MARC@c20130904 |
| 905 | @aMuseLib@dH087@e244 | |
| 基于组合模式的语法检查:短语结构语法与依存语法之结合=Grammar checking in a combined model: phrase structure and dependency grammars reconciled/贺俊杰著.-北京:科学出版社,2011.11 |
| 270页;21cm |
| ISBN 978-7-03-032704-8(精装):CNY45.00 |
| ● |
| 相关链接 |
|
|
|
|
正题名:基于组合模式的语法检查:短语结构语法与依存语法之结合
索取号:H087/244
 
预约/预借
| 序号 | 登录号 | 条形码 | 馆藏地/架位号 | 状态 | 备注 |
| 1 | 1130375 | 211303757 | 第二样本阅览室/ [索取号:H087/244] | 在馆 | |
| 2 | 1130376 | 211303766 | 第四借阅区/ [索取号:H087/244] | 在馆 | |
| 3 | 1130377 | 211303775 | 第四借阅区/ [索取号:H087/244] | 在馆 | |
| 4 | 1130378 | 211303784 | 密集书库-文学院/ [索取号:H087/244] | 在馆 | |
| 5 | 1130379 | 211303793 | 第四借阅区/ [索取号:H087/244] | 在馆 |